000 00965nam a2200313 a 4500
003 AR-BaBNM
005 20251128205908.0
008 082120s2002 ||||||||||||||000 | spa||
020 _a987-9011-21-X
040 _cAR-BaBNM
100 1 _aLescano, Marta
245 0 0 _aPara comunicarnos
_blengua y literatura 9no EGB : libro para el docente
250 _a1ª ed.
260 _aBuenos Aires
_bEdiciones del Eclipse
_c1998
300 _a40 p.
_bil.
500 _aEsta guía tiene el libro de texto para el alumno en 3-E 372.46 LES 9
504 _aBibliografía p. 39
650 4 _aPLANIFICACION ESCOLAR
650 4 _aMEDIOS DE COMUNICACION
653 _aENSENANZA DE LA LENGUA
653 _aCONTENIDOS BASICOS COMUNES
653 _aEDUCACION GENERAL BASICA
653 _aENSEÑANZA DE LA LITERATURA
653 _aCONTENIDOS PROCEDIMENTALES
653 _aCONTENIDOS CONCEPTUALES
700 1 _aLombardo, Silvina
942 _cBK
998 _cCarmen
999 _c13195
_d13195